| 000 | 00662nam a2200133Ia 4500 | ||
|---|---|---|---|
| 008 | 171212s9999 xx 000 0 und d | ||
| 020 | _a9780833080516 | ||
| 100 | _aJohnston, Judith A.;Lander, Natasha;McInnis, Brian | ||
| 245 |
_cJohnston, Judith A.;Lander, Natasha;McInnis, Brian _aNational Intelligence University’s Role in Interagency Research _bRecommendations from the Intelligence Community |
||
| 260 |
_bRAND Corporation _c2013 |
||
| 650 | _aEducation | ||
| 650 | _aIntelligence service -- United States; National Intelligence University (U.S.) -- Research; Interagency coordination -- United States | ||
| 856 | _uwww.jstor.org/stable/10.7249/j.ctt4cgdjc | ||
| 999 |
_c352349 _d352349 |
||